01619nam a2200325 i 4500001001000000003000900010005001700019007000300036008004100039040003000080082003000110100004400140245004200184264010000226300002700326336002700353337003300380338003400413490004100447590002600488600007900514650009700593651009700690910003700787942001400824952014800838952014200986952014801128999001701276000039049DO-SdBNP20260321073643.0ta190726s2010 dr 000 0 spa d aDO-SdBNPbspacBNPHUerda 4a364.1323bB742f, 20102221 a Bosch, Juan, d1909-2001eautor97655513aLa fortuna de Trujillo /cJuan Bosch. aSanto Domingo :bComisión Nacional para la Celebración del Centenario de Juan Bosch,c2010. a63 páginas ;c24 cm. 2rdacontentatextobtxt 2rdamediaasin mediaciónbn 2rdamediaasin mediaciónbnc aCentenario de Juan BoschaEconomía aInventariado, 2019/VM14aTrujillo Molina, Rafael Leónidas,d1891-1961xFinanzas personales954397 4aCorrupción políticazRepública DominicanaxHistoriayEra de Trujillo, 1930-1961965286 4aRepública DominicanaxPolítica y gobiernoxHistoriayEra de Trujillo, 1930 - 1961913076 aValidado. Control de calidad MFF 2ddccLBS1 00102ddc56708DSaBNPHUbBNPHUcHDd2013-05-16l0oBNPHU DS 364.1323 B742f, 2010p39049-30r2020-06-25te. 3w2020-06-25yLBS1ZNo se presta 00102ddc51708PDaBNPHUbBNPHUcHDd2013-05-16l0oBNPHU PD 364.1323 B742f, 2010p39049-10r2020-06-25w2020-06-25yLBS1ZNo se presta 00102ddc51708PDaBNPHUbBNPHUcHDd2013-05-16l0oBNPHU PD 364.1323 B742f, 2010p39049-20r2020-06-25te. 2w2020-06-25yLBS1ZNo se presta c38539d38539